000 00834nam a2200289 a 4500
001 21261
003 BD-RjUL
005 20211209000651.0
008 140304s1970 enkb 001 0 eng
020 _a0416196004
035 _a(BD-RjUL)21325
040 _aLC
_beng
_cLC
_dABN-SNR
_dBD-RjUL
041 _aeng
082 0 0 _a911
_bBOA 1970
100 1 _aBoyd, Andrew,
_d1920-
_965735
245 1 3 _aAn atlas of world affairs /
_cAndrew Boyd. Maps by W. H. Bromage.
250 _a6th ed.
260 _aLondon :
_bMethuen,
_cc1970.
300 _a176 p. :
_bill., maps. ;
_c22 cm.
504 _aIncludes index.
650 0 _aWorld politics
_y1945-
_xMaps.
_965736
650 0 _aHistorical geography
_xMaps.
_965737
700 1 _aBromage, W. H.
_965738
942 _2ddc
_cBK
999 _c21261
_d21261